| 000 | 00476cam a2200193ua 4500 | ||
|---|---|---|---|
| 020 | _c120.00 | ||
| 041 |
_aeng _h |
||
| 082 |
_a028.7021 _bCHH/CA |
||
| 100 | _aChatwal, G R . | ||
| 245 |
_aCareer`s objective type chemistry / _cG R Chatwal. _hTextual Documents |
||
| 250 |
_a8 / _b. |
||
| 260 |
_a : _bBright careers institute , _c1951. |
||
| 300 | _a440 ; . | ||
| 365 | _a120.00 | ||
| 504 | _a | ||
| 700 | 1 | _aPhull, DS . | |
| 942 | _cBK | ||
| 999 |
_c8036 _d8036 |
||